عرض عادي
عرض مارك
- Folse, Keith.
مدخل إسم شخص
001 - رقم الضبط
- حقل الضبط: 38734
003 - معرف رقم الضبط
- حقل الضبط: OSt
005 - تاريخ ووقت أخر عملية
- حقل الضبط: 20131031160015.0
008 - عناصر بيانات ثابتة الطول
- حقل تحكم ثابت الطول: 131031|||a|||||| | ||| d
040 ## - مصدر الفهرسة
- هيئة الفهرسة الأصلية: OSt
- وكالة الكتابة: OSt
100 ## - مدخل -- أسم شخص
- إسم شخص: Folse, Keith.
670 ## - بيانات المصدر موجوده
- الاستشهاد بالمصدر: Work cat.: (OSt)0: Folse, Keith., Oxford American dictionary and thesaurus., c2009.
